Stolice państw i terenów autonomicznych/zależnych Oceanii - Statystyki

Ogólne statystyki
  • Ten quiz został rozwiązany 26 razy
    18 od ostatniego zresetowania
  • Średni wynik to 18 z 28
Statystyki odpowiedzi
Obrazkowy Odpowiedź % Poprawnych
Apia
100%
Canberra
100%
Port Vila
100%
Suva
100%
Wellington
100%
Honiara
91%
Nuku'alofa
91%
Port Moresby
91%
Yaren
91%
Ngerulmud
82%
Palikir
82%
Tarawa/Bairiki
82%
Vaiaku/Funafuti
82%
Majuro
73%
Flying Fish Cove
55%
Numea
55%
Alofi
45%
Hagåtña
45%
Kingston
45%
Papeete
45%
Saipan/Capital Hill
45%
Adamstown
36%
Avarua
36%
Fagatogo/Pago Pago
36%
Hanga Roa
36%
West Island
27%
Mata-Utu
18%
Nukunonu
18%
Nie znaleziono quizów pasujących do podanych kryteriów
Rozkład punktacji
Procent ludzi z każdym wynikiem
Percentyl według liczby udzielonych odpowiedzi
Twoja historia wyników
Nie rozwiązałeś tego quizu od ostatniego zresetowania